Tennis Rankings (top 32 in ATP) - Statistics

General Stats
  • This quiz has been taken 186 times
  • The average score is 18 of 32
Answer Stats
Ranking Answer % Correct
1 N. Djokovic
100%
4 R. Nadal
98%
2 D. Medvedev
95%
3 A. Zverev
93%
7 C. Alcaraz
92%
6 C. Ruud
86%
12 J. Sinner
84%
5 S. Tsitsipas
84%
8 A. Rublev
82%
14 T. Fritz
78%
10 M. Berrettini
69%
27 F. Tiafoe
67%
28 H. Rune
67%
13 H. Hurkacz
63%
9 F. Auger-Aliassime
62%
11 C. Norrie
59%
16 D. Shapovalov
57%
23 K. Khachanov
56%
21 G. Dimitrov
54%
24 G. Monfils
48%
25 J. Isner
46%
17 M. Cilic
43%
15 D. Schwartzman
37%
18 R. Opelka
34%
32 L. Sonego
27%
19 P. Busta
22%
31 M. Kecmanovic
21%
20 R. Agut
21%
30 A. Fokina
19%
26 N. Basilashvili
14%
22 A. Minaur
8%
29 B. Zandschulp
6%
No matching quizzes found
Score Distribution
Percent of People with Each Score
Percentile by Number Answered
Your Score History
You have not taken this quiz